All 500k+ Urban Areas of North America - Statistics

General Stats
  • This quiz has been taken 543 times
    33 since last reset
  • The average score is 117 of 160
Answers on the Map
Answers color-coded by a green-red scale on the quiz's map according to % correct below.
 
Answer Stats
Country Pop. Urban Area % Correct
United States 6,098,561 Atlanta
100%
United States 2,339,567 Austin
100%
United States 4,382,009 Boston
100%
United States 9,031,458 Chicago
100%
United States 7,676,519 Dallas - Fort Worth
100%
United States 3,193,848 Denver
100%
United States 4,090,503 Detroit
100%
Cuba 2,225,974 Havana
100%
United States 7,380,743 Houston
100%
United States 2,021,876 Indianapolis
100%
United States 16,206,529 Los Angeles
100%
Mexico 21,804,515 Mexico City
100%
United States 6,250,227 Miami
100%
United States 1,094,426 New Orleans
100%
United States 20,106,617 New York City
100%
United States 2,642,322 Orlando
100%
United States 6,326,212 Philadelphia
100%
United States 2,482,924 Portland
100%
United States 3,394,960 San Diego
100%
United States 5,259,987 San Francisco
100%
United States 4,209,773 Seattle
100%
United States 2,516,072 St. Louis
100%
United States 2,913,899 Tampa - St. Petersburg
100%
Canada 7,108,874 Toronto
100%
United States 2,343,554 Baltimore
97%
United States 2,170,408 Charlotte
97%
United States 1,985,992 Cincinnati
97%
United States 1,879,727 Cleveland
97%
United States 2,096,756 Columbus
97%
United States 1,379,250 Jacksonville
97%
United States 2,065,539 Kansas City
97%
United States 2,574,188 Las Vegas
97%
United States 3,429,367 Minneapolis - St. Paul
97%
Canada 4,597,837 Montréal
97%
United States 1,265,758 Oklahoma City
97%
Panama 1,643,694 Panama City
97%
United States 5,037,826 Phoenix
97%
Haiti 2,296,386 Port-au-Prince
97%
United States 1,291,653 Salt Lake City
97%
United States 2,592,649 San Antonio
97%
Costa Rica 2,818,155 San José
97%
El Salvador 2,665,080 San Salvador
97%
Dominican Rep. 4,691,071 Santo Domingo
97%
Canada 3,088,036 Vancouver
97%
United States 5,991,807 Washington, D.C.
97%
United States 701,975 Boise
94%
United States 1,078,252 Buffalo
94%
Canada 1,692,385 Edmonton
94%
Mexico 5,268,642 Guadalajara
94%
Guatemala 3,410,652 Guatemala City
94%
United States 1,276,843 Memphis
94%
United States 1,668,191 Milwaukee
94%
United States 1,193,643 Nashville
94%
Canada 1,700,014 Ottawa
94%
Mexico 3,202,625 Puebla - Tlaxcala
94%
Canada 903,607 Québec City
94%
United States 1,846,256 Raleigh - Durham
94%
United States 2,255,254 Sacramento
94%
Canada 1,836,012 Calgary
90%
Mexico 1,512,450 Ciudad Juárez
90%
Jamaica 1,081,427 Kingston
90%
United States 1,359,669 Louisville
90%
Mexico 5,341,177 Monterrey
90%
United States 1,163,828 Richmond
90%
Puerto Rico 2,035,484 San Juan
90%
Mexico 2,157,853 Tijuana
90%
Mexico 934,189 Cancún
87%
United States 621,337 Des Moines
87%
United States 992,655 El Paso
87%
United States 1,989,266 Pittsburgh
87%
United States 867,259 Rochester
87%
United States 1,097,355 Tucson
87%
United States 893,902 Tulsa
87%
United States 981,666 Albuquerque
84%
United States 821,886 Baton Rouge
84%
United States 910,184 Birmingham
84%
United States 724,677 Colorado Springs
84%
United States 1,076,217 Hartford
84%
Nicaragua 1,457,561 Managua
84%
United States 712,898 Albany - Schenectady
81%
United States 686,432 Columbia
81%
United States 590,333 Madison
81%
United States 961,354 Omaha
81%
United States 1,521,251 Providence
81%
United States 587,673 Syracuse
81%
Honduras 1,686,948 Tegucigalpa
81%
United States 1,656,882 Virginia Beach
81%
United States 584,092 Wichita
81%
Canada 951,758 Winnipeg
81%
United States 1,108,697 Bridgeport - New Haven
77%
United States 687,214 Charleston
77%
United States 940,501 Fresno
77%
Trinidad and Tobago 579,880 Port-of-Spain
77%
United States 749,016 Springfield
77%
United States 733,659 Greensboro
74%
United States 665,553 Harrisburg
74%
United States 582,420 Lexington
74%
United States 520,156 Little Rock
74%
United States 781,190 Cape Coral
71%
United States 999,769 Dayton
71%
Canada 544,834 Halifax
71%
United States 580,058 Spokane
71%
United States 658,146 Toledo
71%
United States 636,183 Akron
68%
United States 759,358 Bakersfield
68%
United States 759,630 Grand Rapids
68%
United States 609,771 Knoxville
68%
United States 748,561 Provo - Orem
68%
United States 558,717 Worcester
68%
Mexico 988,065 Chihuahua
65%
Canada 633,002 London
65%
Mexico 1,316,088 Mérida
65%
Cuba 507,509 Santiago de Cuba
65%
Dominican Rep. 912,525 Santiago de los Caballeros
65%
Mexico 1,924,771 León
61%
United States 1,029,998 McAllen
61%
Mexico 1,049,792 Mexicali
61%
United States 539,255 Port St. Lucie
61%
Mexico 852,622 Acapulco
58%
United States 1,079,593 Allentown - Bethlehem
58%
Mexico 725,918 Oaxaca
58%
United States 669,746 Palm Bay - Melbourne
58%
Mexico 2,504,388 Toluca
58%
Canada 503,670 St. Catharines
55%
Mexico 939,046 Veracruz
55%
Canada 871,143 Hamilton
52%
United States 682,029 Ogden - Layton
52%
Honduras 1,427,311 San Pedro Sula
52%
Mexico 1,140,916 Aguascalientes
48%
United States 546,777 Greenville
45%
Mexico 1,594,212 Querétaro
45%
Mexico 1,271,366 San Luis Potosí
42%
United States 568,255 South Bend - Elkhart
42%
United States 572,803 Lakeland
39%
United States 936,317 Sarasota - Bradenton
39%
United States 505,826 Youngstown
39%
Canada 701,568 Kitchener
35%
Mexico 1,488,345 Torreón
35%
Mexico 688,697 Durango
32%
United States 561,342 Indio - Palm Springs
32%
Mexico 936,263 Hermosillo
29%
Mexico 837,251 Reynosa
29%
United States 924,768 Concord - Vallejo
26%
Mexico 1,003,530 Culiacán
26%
Mexico 1,121,551 Cuernavaca
23%
United States 528,991 Temecula - Murrieta
23%
Mexico 833,907 Villahermosa
23%
Mexico 543,412 Matamoros
19%
Mexico 988,704 Morelia
19%
Mexico 1,031,779 Saltillo
19%
Mexico 927,379 Tampico
19%
United States 591,570 Waukegan - Round Lake Beach
19%
Mexico 665,929 Pachuca
16%
Mexico 848,274 Tuxtla Gutiérrez
16%
Mexico 789,157 Xalapa
16%
Mexico 561,375 Ensenada
13%
Mexico 501,441 Mazatlán
13%
Mexico 767,104 Celaya
10%
Mexico 610,584 Irapuato
6%
Mexico 521,530 Poza Rica
6%
No matching quizzes found
Score Distribution
Percent of People with Each Score
Percentile by Number Answered
Your Score History
You have not taken this quiz since the last reset